Půda a její hodnota Teorie a praxe
Saved in:
| Main Author | |
|---|---|
| Format | Electronic eBook |
| Language | Czech |
| Published |
Karolinum
2022
|
| Edition | 1. elektronické vydání |
| Subjects | |
| Online Access | Dostupné v BOOKPORT po přihlášení pomocí eduID |
| ISBN | 978-80-246-5213-9 978-80-246-4999-3 |
| Physical Description | 1 online zdroj (200 stran) |
| LEADER | 00000nam a2200000 i 4500 | ||
|---|---|---|---|
| 001 | bkp425778999 | ||
| 003 | CZ-prgp | ||
| 005 | 20220524171257.0 | ||
| 006 | m o d | ||
| 007 | cr cn | ||
| 008 | 220524s2022 xr o 000 0 cze | ||
| 020 | |a 978-80-246-5213-9 |c 190 Kč |q (online ; pdf) | ||
| 020 | |a 978-80-246-4999-3 |c 270 Kč |q (print) | ||
| 040 | |a Grada |b cze |e rda | ||
| 100 | 1 | |a Vejchodská, Eliška | |
| 245 | 1 | 0 | |a Půda a její hodnota |b Teorie a praxe |c Eliška Vejchodská |
| 250 | |a 1. elektronické vydání | ||
| 264 | 1 | |b Karolinum |c 2022 | |
| 300 | |a 1 online zdroj (200 stran) | ||
| 336 | |a text |b txt |2 rdacontent | ||
| 337 | |a počítač |b c |2 rdamedia | ||
| 338 | |a online zdroj |b cr |2 rdacarrier | ||
| 520 | 3 | |a Půda jako prostor je předmětem vlastnictví, výrobním faktorem i přírodním zdrojem. Množství půdy je fixní a není možné ji přesouvat do oblastí s její vyšší relativní vzácností. Tyto základní rysy nastolují mnoho zásadních otázek týkajících se způsobu jejího využití a rozdělení prospěchu, který z toho plyne, mezi jednotlivé členy společnosti, tedy otázek po alokační efektivnosti a distribuční spravedlnosti. Kniha navazuje na poznání ekonomie měst a environmentální ekonomie s přesahy do oboru urbanismu, územního plánování a práva. Přináší syntézu těchto myšlenkových proudů z hlediska analýzy využití půdy a vlastnických práv k půdě. V daném oboru poskytuje ucelený obraz teorie alokačních a distribučních otázek a možných nástrojů veřejné politiky, které se tato témata snaží řešit. | |
| 650 | 0 | 4 | |a Sociologie |
| 856 | 4 | 0 | |u https://www.bookport.cz/AccountSaml/SignIn/?idp=https://shibboleth.utb.cz/idp/shibboleth&returnUrl=/kniha/puda-a-jeji-hodnota-10787/ |y Dostupné v BOOKPORT po přihlášení pomocí eduID |